000 02172cam a22004454i 4500
003 PE-LiUPU
005 20250731172815.0
008 150617s1978 sp r 000 0 spa d
020 _a8425406730
035 _a(Sirsi) i9788425406737
040 _aPE-LiUPU
_bspa
_cPE-LiUPU
_erda
_dPE-LiUPU
049 _aPRUA
082 0 4 _a231.74
_bT798i
_223
100 1 _aTresmontant, Claude,
_eautor.
245 1 0 _aIntroducción a la teología cristiana /
_c[por] Claude Tresmontant ; [versión del francés de Jem Cabanes].
264 1 _aBarcelona :
_bHerder,
_c1978.
300 _a733 páginas ;
_c22 centímetros.
336 _atext
_2rdacontent
337 _aunmediated
_2rdamedia
338 _avolume
_2rdacarrier
490 0 _a(Biblioteca Herder : Sección de teología y filosofía ;
_v156)
505 0 _aDios, la creación, la revelación -- Dios -- La creación -- La revelación -- La encarnación -- Preliminares -- Apolinar de Laodicea. La crisis apolinarista -- Leporio y Agustín -- Nestorio. La crisis nestoriana. El concilio de Efeso -- Eutiques. El concilio de Calcedonia -- Una sola operación o dos, una sola voluntad o dos en el Cristo -- Tomás de Aquino y Juan Duns Scoto -- La trinidad -- Preliminares -- Noeto, Práxeas, Sabelio. La crisis modalista -- La crisis arriana -- El concilio de Nicea (325) -- La crisis arriana después de Nicea -- La trinidad pensada por San Agustín -- Tomás de Aquino. Los concilios de Lyón y Florencia -- Antropología cristiana. -Sentido y finalidad de la creación -- La ética -- El pecado original -- Pelagio. La crisis pelagiana.
526 _aSEG42
526 _aSEG41
526 _aSEG40
526 _aSEG39
526 _aP94
526 _aP87
526 _aP86
526 _aP85
526 _aP77
526 _aP76
526 _aP35
650 1 4 _aTeología dogmática.
_vIntroducciones.
910 _ajck
942 _2ddc
_cBK
949 _a231.74 T79
_wDEWEY
_c1
_i31219
_d2016-11-28
_e2016-11-28
_lCCODEBUL1
_mBUL
_n1
_r0
_sY
_tBOOK
_u2015-6-17
_xTEOLOGIA
_0COMPRA
_o.STAFF. Colección General
999 _c4222
_d4222
980 _81
_gALBERTO SANCHEZ Responsable de Automatización